000 00735nam a22002297a 4500
003 UA-OsUOA
001 691
007 ta
008 20050624b un ||||| |||| 00| 0 ukr d
090 _a82.09(477)
_bС 77
942 _cBK
040 _aUA-OsUOA
_bukr
_cUA-OsUOA
_dUA-OsUOA
245 _aМихайло Старицький: постать і творчість
_bЗб. праць Всеукраїнської наукової конференції
_cРед. С. А. Китова
300 _a382 с.
955 _a2
041 _aukr
080 _a82.09(477)
020 _a966-8645-09-Х
260 _aЧеркаси
_c2004
650 7 _a82 Література. Літературознавство
_2UDC
999 _c286859
_d286859